书目信息 |
| 题名: |
不同贮藏方式对果蔬品质影响的研究
|
|
| 作者: | 赵云峰 著 | |
| 分册: | ||
| 出版信息: | 长春 东北师范大学出版社 2018 |
|
| 页数: | 218页 | |
| 开本: | 24cm | |
| 丛书名: | ||
| 单 册: | ||
| 中图分类: | TS255.3 | |
| 科图分类: | ||
| 主题词: | 果蔬保藏--Guo Shu Bao Cang | |
| 电子资源: | ||
| ISBN: | 978-7-5681-4064-5 | |
| 000 | 01084nam0 2200289 450 | |
| 001 | 012001002884 | |
| 005 | 20140125171202.0 | |
| 010 | @a978-7-5681-4064-5@dCNY51.00 | |
| 092 | @bbwz1821kj-00411 | |
| 099 | @aCAL 012018130631 | |
| 100 | @a20180530d2018 em y0chiy50 ea | |
| 101 | 0 | @achi |
| 102 | @aCN@b220000 | |
| 105 | @ay a 000yy | |
| 106 | @ar | |
| 200 | 1 | @a不同贮藏方式对果蔬品质影响的研究@ABu Tong Zhu Cang Fang Shi Dui Guo Shu Pin Zhi Ying Xiang De Yan Jiu@f赵云峰著 |
| 210 | @a长春@c东北师范大学出版社@d2018 | |
| 215 | @a218页@d24cm | |
| 300 | @a盐城工学院学术专著出版基金资助 | |
| 320 | @a有书目 (第216-218页) | |
| 330 | @a本书论述了果蔬贮藏的一般原理,介绍了多种代表性果蔬的贮藏方式。主要内容包括果蔬的贮藏保鲜概述、水果的贮藏保鲜、蔬菜的贮藏保鲜等。根据果蔬市场的需要,在前人经验的基础上,我编写了这本书以供果蔬生产者和果蔬贮藏工作者所用。 | |
| 333 | @a果蔬保藏研究人员 | |
| 606 | 0 | @a果蔬保藏@AGuo Shu Bao Cang |
| 690 | @aTS255.3@v5 | |
| 701 | 0 | @a赵云峰@AZhao Yun Feng@4著 |
| 801 | 0 | @aCN@b北京卓展@c20191020 |
| 905 | @b1204630-3@dTS255.3@e346@f4 | |
| 不同贮藏方式对果蔬品质影响的研究/赵云峰著.-长春:东北师范大学出版社,2018 |
| 218页;24cm |
| 盐城工学院学术专著出版基金资助.-使用对象:果蔬保藏研究人员 |
| ISBN 978-7-5681-4064-5:CNY51.00 |
| 本书论述了果蔬贮藏的一般原理,介绍了多种代表性果蔬的贮藏方式。主要内容包括果蔬的贮藏保鲜概述、水果的贮藏保鲜、蔬菜的贮藏保鲜等。根据果蔬市场的需要,在前人经验的基础上,我编写了这本书以供果蔬生产者和果蔬贮藏工作者所用。 |
| ● |
| 相关链接 |
|
|
|
|
正题名:不同贮藏方式对果蔬品质影响的研究
索取号:TS255.3/346
 
预约/预借
| 序号 | 登录号 | 条形码 | 馆藏地/架位号 | 状态 | 备注 |
| 1 | 1204630 | 212046301 | 第二样本阅览室/ [索取号:TS255.3/346] | 在馆 | |
| 2 | 1204631 | 212046310 | 第三借阅区/ [索取号:TS255.3/346] | 在馆 | |
| 3 | 1204632 | 212046329 | 第三借阅区/ [索取号:TS255.3/346] | 在馆 | |
| 4 | 1204633 | 212046338 | 第三借阅区/ [索取号:TS255.3/346] | 在馆 |